000 00662ntaaa2200181 4500
003 01
005 20251027203117.0
008 0714s1973 ag 01
040 _aAR-BaBN
_bspa
_cAR-BaBN
_eaacr
_dRIC
082 _a225.5610 N82e
100 _aBiblia. Nuevo Testamento. Castellano. Norton. 1916
_932619
245 _aLas Escrituras del Nuevo Pacto
250 _a1 ed.
260 _aLeón, México :
_bCasa Bautista de Publicaciones,
_c1916
300 _a561 p ;
_c19,5 cm
500 _aTiene un prefacio firmado por G.N. cuyo nombre sería Guilllermo Norton de Edinburgo, Escocia, en ag. de 1857.
650 _aBiblia. Nuevo Testamento. Español. Norton. 1916
_932620
999 _c26538
_d26538